| 000 | | | 04085nmc2a2200000 x 450 |
| 001 | | | b6cac379-9838-400b-b901-45bd595074c9 |
| 005 | | | 20160706005057.0 |
| 100 | ## | $a | 20150618l18281828k l0rusy0189 ca |
| 101 | 0# | $a | rus |
| 102 | ## | $a | RU |
| 200 | 1# | $a | Дело об освобождении почетных смотрителей училищ от занятия по совместительству выборных должностей, связанных с частыми командировками из города |
| | $j | 30 августа - 1 сентября 1828 г. |
| 251 | ## | $c | Дело |
| 300 | ## | $a | Ориг. заголовок дела: Мнение министра о том, каким образом поступать, если почетные смотрители училищ будут избираемы дворянством в должности уездных предводителей, судей, исправников и заседателей. 30 августа 1828 г. - 1 сентября 1828 г |
| 801 | #0 | $a | RU |
| | $b | РГИА |
| | $c | 20150618 |
| | $g | RCR |
| 801 | #1 | $a | RU |
| | $b | ГлавНИВЦ |
| | $c | 20150618 |
| | $2 | rusmarc |
| 801 | #2 | $a | RU |
| | $b | ПБ им. Б.Н. Ельцина |
| | $c | 20160706 |
| | $g | RCR |
| | $2 | rusmarc |
| 850 | ## | $a | РГИА |
| 852 | ## | $a | РГИА |
| | $e | Федеральное казенное учреждение "Российский государственный исторический архив" (РГИА) |
| | $j | 150 |
| 937 | ## | $h | РГИА |
| | $d | 11570504 |
| | $a | ASBIBLIO_SCAN |
| 462 | #0 | $1 | 001a25a632e-e298-49e9-af82-b99ccf4c5441 |
| | $1 | 2001 |
| | $a | 1818-1830 гг. |
| | $1 | 251 |
| | $c | Опись |
| | $1 | 852 |
| | $j | 91 |
| 461 | #0 | $1 | 001a74412a3-3cc5-4d21-8f0a-dfe2fbd9e72d |
| | $1 | 2001 |
| | $a | Департамент народного просвещения Министерства народного просвещения (1803-1917) |
| | $1 | 251 |
| | $c | Фонд |
| | $1 | 852 |
| | $j | 733 |
| 215 | ## | $a | 5 л. |
| | $d | 36,5x26 см |
| 371 | ## | $a | Документ не является опубликованным и широко распространяемым |
| 105 | ## | $a | у### |
| 122 | 2# | $a | d |
| 517 | 1# | $a | Мнение министра о том, каким образом поступать, если почетные смотрители училищ будут избираемы дворянством в должности уездных предводителей, судей, исправников и заседателей. 30 августа 1828 г. - 1 сентября 1828 г |
| 035 | ## | $a | b6cac379-9838-400b-b901-45bd595074c9 |